000 01241cam a2200385 i 4500
001 37570
003 KOSZ 005
005 20200505121615.0
008 990521s1999 pl a f f |000 0 pol
015 _aPB 1999/7355
020 _a830112363X
040 _aWA N
_cWA N
_dKOSZ 005/HR
046 _k1988
080 _a514.18
080 _a(075.8)
100 1 _aGrochowski, Bogusław
_d(1923-2011)
_eAutor
245 1 0 _aGeometria wykreślna z perspektywą stosowaną /
_cBogusław Grochowski.
250 _aWyd. 4.
260 _aWarszawa :
_bWydaw. Naukowe PWN,
_c1999.
300 _a331, [1] s. :
_brys. ;
_c24 cm.
336 _2rdacontent
_aTekst
_btxt
337 _2rdamedia
_aBez urządzenia pośredniczącego
_bn
338 _2rdacarrier
_aWolumin
_bnc
380 _aKsiążki
380 _aPublikacje dydaktyczne
385 _mPoziom nauczania
_aSzkoły wyższe
388 _a1901-2000
504 _aBibliogr. s. 328.
650 4 _aGeometria wykreślna
655 4 _aPodręczniki akademickie
658 _aMatematyka
710 2 _aWydawnictwo Naukowe PWN
_4pbl.
856 _yKatalog online BPK
_uhttp://koha.tu.koszalin.pl/cgi-bin/koha/opac-detail.pl?biblionumber=37570
942 _2UKD
_cKS
999 _c37570
_d37570